000 00229nam a2200097Ia 4500
001 641772
005 20250826153514.0
008 250824s9999 xx 000 0 und d
245 0 _aHAVLAYAN HARFLER
_cMEHMET ATİLLA
260 _bTUDEM
999 _c641772
_d641772